Entre amigos (Record no. 154564)

MARC details
000 -LÍDER
campo de controle de tamanho fixo 00273 a2200133 4500
001 - NÚMERO DE CONTROLE
campo de controle 154564
040 ## - FONTE DA CATALOGAÇÃO
Instituição que transcreveu o registro Escola São Tomás de Aquino
240 10 - TÍTULO UNIFORME
Título uniforme Entre amigos
Idioma da obra por
245 10 - TÍTULO
Título Entre amigos
300 ## - DESCRIÇÃO FÍSICA
Extensão 119
440 #1 - DECLARAÇÃO DE SÉRIE/ENTRADA ADICIONADA--TÍTULO
Título Moderna
697 ## - ENTRADA DE ASSUNTO LOCAL--ENTIDADE COLETIVA (RLIN)
Nome corporativo ou nome da jurisdição RELIGIÃO
942 ## - ELEMENTOS DE ENTRADA ADICIONADOS (KOHA)
Tipo de material Koha Livros
Holdings
Situação do descarte Situação das perdas Situação física Não pode ser emprestado Biblioteca de origem Biblioteca atual Data de aquisição Total de empréstimos Número de chamada completo Código de barras Data de último acesso Data do preço efetivo Tipo de material Koha
        ESTA - SÃO BENTO ESTA - SÃO BENTO 30/04/2024   200 ENT EST00008637 30/04/2024 30/04/2024 Livros